[Event "RLP Seniors op 17th"]
[Site "Neustadt an der Weinstrasse"]
[Date "2019.07.24"]
[Round "5"]
[White "Zerweck, Christoph"]
[Black "Walther, Reinhard"]
[Result "0-1"]
[WhiteElo "1922"]
[BlackElo "1996"]
[PlyCount "188"]
[EventDate "2019.07.20"]
[EventType "swiss"]
[EventRounds "9"]
[EventCountry "GER"]
[SourceTitle "CBM 192 Extra"]
[Source "Chessbase"]
[SourceDate "2019.11.06"]
[SourceVersion "1"]
[SourceVersionDate "2019.11.06"]
[SourceQuality "1"]

1. e4 d6 2. d4 Nf6 3. Nc3 g6 4. Bf4 Bg7 5. Qd2 0-0 6. 0-0-0 c6 7. Bh6 b5 8. Bxg7 Kxg7 9. Bd3 Qa5 10. Kb1 Be6 11. d5 b4 12. dxe6 bxc3 13. Qxc3 Qxc3 14. bxc3 fxe6 15. f3 Nbd7 16. Ne2 Nc5 17. Nd4 Rfc8 18. Kc1 e5 19. Nb3 Nfd7 20. Kd2 Rab8 21. Rb1 Rb6 22. Na5 Rcb8 23. Rxb6 Rxb6 24. Nb3 Kf6 25. Rf1 Ne6 26. g3 g5 27. Bc4 Ndf8 28. Ke3 h6 29. Kd2 Ng6 30. Ke3 Nc7 31. Rb1 e6 32. Nd2 Rxb1 33. Nxb1 h5 34. Nd2 h4 35. Be2 Ne8 36. Ba6 Ke7 37. Nb3 Kd7 38. Kf2 Nf6 39. Nd2 hxg3+ 40. hxg3 d5 41. Ke3 Kd6 42. a3 Kc5 43. Nb3+ Kb6 44. Bf1 c5 45. Bh3 c4 46. Nd2 Nf8 47. f4 gxf4+ 48. gxf4 exf4+ 49. Kxf4 Kc5 50. Ke5 N6d7+ 51. Kf4 e5+ 52. Ke3 Nb6 53. Nf3 Kd6 54. Bf5 Na4 55. Kd2 Ne6 56. exd5 Kxd5 57. Bg6 e4 58. Ng1 Ng5 59. Ne2 Ke5 60. Ke3 Nb6 61. Kd2 Nd5 62. Be8 e3+ 63. Kc1 Ne4 64. Kb2 Nf4 65. Nd4 Ng5 66. Bb5 Kd5 67. Bc6+ Kc5 68. Kc1 Nd5 69. Bxd5 Kxd5 70. Ne2 Ke4 71. Kd1 Ne6 72. Ke1 a6 73. Ng3+ Kf3 74. Nf5 Nf4 75. Nd4+ Ke4 76. a4 Nd5 77. Ne2 a5 78. Nd4 Nxc3 79. Nc6 Nxa4 80. Nxa5 Nb6 81. Nc6 Nd5 82. Na5 Kd4 83. Ke2 Kc3 84. Kf3 Kd4 85. Nc6+ Kc5 86. Ne5 c3 87. Nd3+ Kd4 88. Ne1 Nb4 89. Ke2 Ke4 90. Kd1 Nd5 91. Kc1 Nf4 92. Kd1 e2+ 93. Kc1 Ke3 94. Kb1 Kf2 0-1

[Event "RLP Seniors op 17th"]
[Site "Neustadt an der Weinstrasse"]
[Date "2019.07.21"]
[Round "2"]
[White "Huettemann, Karl Heinz"]
[Black "Zerweck, Christoph"]
[Result "1-0"]
[WhiteElo "2053"]
[BlackElo "1922"]
[PlyCount "29"]
[EventDate "2019.07.20"]
[EventType "swiss"]
[EventRounds "9"]
[EventCountry "GER"]
[SourceTitle "CBM 192 Extra"]
[Source "Chessbase"]
[SourceDate "2019.11.06"]
[SourceVersion "1"]
[SourceVersionDate "2019.11.06"]
[SourceQuality "1"]

1. c4 e5 2. Nc3 Bb4 3. Nd5 Bc5 4. Nf3 e4 5. d4 exf3 6. dxc5 fxg2 7. Bxg2 Ne7 8. Bg5 f6 9. Bf4 Na6 10. 0-0 0-0 11. Qd2 Rb8 12. b4 b5 13. cxb5 Rxb5 14. a4 Rb8 15. b5 1-0

[Event "Bad Wiessee Senioren Cup 8th"]
[Site "Bad Wiessee"]
[Date "2019.05.12"]
[Round "2"]
[White "Zerweck, Christoph"]
[Black "Krulich, Roman"]
[Result "0-1"]
[WhiteElo "1942"]
[BlackElo "2173"]
[PlyCount "56"]
[EventDate "2019.05.11"]
[EventType "swiss"]
[EventRounds "9"]
[EventCountry "GER"]
[SourceTitle "EXT 2020"]
[Source "ChessBase"]
[SourceDate "2019.10.17"]
[SourceVersion "1"]
[SourceVersionDate "2019.10.17"]
[SourceQuality "1"]

1. e4 c5 2. Nc3 Nc6 3. Bb5 Nd4 4. Bc4 e6 5. Nge2 Nf6 6. e5 d5 7. exd6 Bxd6 8. d3 0-0 9. Bg5 b5 10. Bb3 Bb7 11. Nxd4 cxd4 12. Ne4 Bxe4 13. dxe4 Bb4+ 14. Kf1 h6 15. Bxf6 Qxf6 16. Qd3 Qe5 17. g3 f5 18. f4 fxe4 19. Kg2 exd3 20. fxe5 dxc2 21. Bxc2 Rac8 22. Bd3 Rc5 23. a4 bxa4 24. Rxa4 a5 25. Raa1 Rxe5 26. Rhf1 Re3 27. Bh7+ Kxh7 28. Rxf8 Bxf8 0-1

[Event "Arber Seniors op 6th"]
[Site "Bayerisch Eisenstein"]
[Date "2018.08.02"]
[Round "6"]
[White "Kuempers, Ulrich"]
[Black "Zerweck, Christoph"]
[Result "1/2-1/2"]
[WhiteElo "2042"]
[BlackElo "1916"]
[PlyCount "108"]
[EventDate "2018.07.28"]
[EventType "swiss"]
[EventRounds "9"]
[EventCountry "GER"]
[SourceTitle "CBM 185 Extra"]
[Source "ChessBase"]
[SourceDate "2018.07.29"]
[SourceVersion "1"]
[SourceVersionDate "2018.07.29"]
[SourceQuality "1"]

1. d4 d5 2. c4 c6 3. cxd5 cxd5 4. Nc3 Nf6 5. Bf4 Nc6 6. e3 Bf5 7. Nf3 e6 8. Be2 Be7 9. Ne5 0-0 10. 0-0 a6 11. Rc1 Rc8 12. Na4 Nxe5 13. dxe5 Nd7 14. Qd2 b5 15. Nc3 Nb6 16. Rfd1 Nc4 17. Bxc4 dxc4 18. e4 Bg6 19. f3 Qxd2 20. Rxd2 Rcd8 21. Kf1 Rxd2 22. Bxd2 Rd8 23. Ke2 f5 24. exf6 gxf6 25. a3 Be8 26. Na2 Bc5 27. Be3 Be7 28. Bb6 Rb8 29. Ba5 Rb7 30. Rd1 Rd7 31. Rxd7 Bxd7 32. Bb4 Bd8 33. Bc5 Bc6 34. Nb4 Bb7 35. Nc2 Kf7 36. Nd4 Bc7 37. g3 Be5 38. Ke3 Bc7 39. f4 Bc8 40. Nf3 Bb7 41. Kd4 Ke8 42. Nd2 f5 43. e5 Ba5 44. Bb4 Bb6+ 45. Bc5 Ba5 46. Nb1 Be1 47. Ke3 Ba5 48. Nc3 Kd7 49. Kd4 Bxc3+ 50. bxc3 Bg2 51. Bb4 Kc6 52. Ba5 Bf3 53. Ke3 Bg4 54. Kf2 Bh3 1/2-1/2

[Event "Arber Seniors op 6th"]
[Site "Bayerisch Eisenstein"]
[Date "2018.07.31"]
[Round "4"]
[White "Boeven, Manfred"]
[Black "Zerweck, Christoph"]
[Result "1-0"]
[WhiteElo "2069"]
[BlackElo "1916"]
[PlyCount "59"]
[EventDate "2018.07.28"]
[EventType "swiss"]
[EventRounds "9"]
[EventCountry "GER"]
[SourceTitle "CBM 185 Extra"]
[Source "ChessBase"]
[SourceDate "2018.07.29"]
[SourceVersion "1"]
[SourceVersionDate "2018.07.29"]
[SourceQuality "1"]

1. d4 d5 2. Nc3 Nf6 3. Bg5 Nbd7 4. e3 h6 5. Bh4 e6 6. Nf3 c5 7. Be2 Be7 8. 0-0 0-0 9. a4 b6 10. Bb5 Bb7 11. a5 a6 12. Bxd7 Nxd7 13. Bxe7 Qxe7 14. axb6 Nxb6 15. Na4 Nd7 16. Qd2 Rfb8 17. dxc5 Nxc5 18. Qb4 Rc8 19. Nb6 Qf6 20. Nxa8 Bxa8 21. Qd4 Qf5 22. b4 Nd7 23. c3 e5 24. Qa7 Nf6 25. Qxa6 Re8 26. Qd6 Ne4 27. Qc7 f6 28. Ra7 Qg4 29. h3 Qg6 30. Rfa1 1-0

[Event "Rheinland Pfalz op Seniors 16th"]
[Site "Neustadt an der Weinstrasse"]
[Date "2018.07.12"]
[Round "6"]
[White "Zerweck, Christoph"]
[Black "Schroeder, Klaus"]
[Result "1/2-1/2"]
[WhiteElo "1916"]
[BlackElo "1840"]
[PlyCount "68"]
[EventDate "2018.07.07"]
[EventType "swiss"]
[EventRounds "9"]
[EventCountry "GER"]
[SourceTitle "EXT 2019"]
[Source "ChessBase"]
[SourceDate "2018.10.10"]
[SourceVersion "1"]
[SourceVersionDate "2018.10.10"]
[SourceQuality "1"]

1. e4 e6 2. d4 d5 3. Nc3 dxe4 4. Nxe4 Nd7 5. Nf3 Ngf6 6. Ng3 c5 7. Be2 Be7 8. 0-0 0-0 9. Re1 b6 10. Bf4 Bb7 11. c3 Rc8 12. Bd3 cxd4 13. Nxd4 Nc5 14. Bc2 Qd5 15. f3 Qd7 16. Qe2 Nd5 17. Bd2 Bf6 18. Nb3 Ba6 19. Nxc5 Rxc5 20. Qxa6 Nb4 21. cxb4 Rxc2 22. Bc3 Bd4+ 23. Kh1 Bxc3 24. bxc3 Qd2 25. Qf1 Qxc3 26. a3 Rc8 27. h3 Qb2 28. Reb1 Qe5 29. Qe1 Qg5 30. Rd1 h5 31. Rd4 Rc1 32. Rd1 R1c2 33. Rd4 Rc1 34. Rd1 R1c2 1/2-1/2

[Event "Rheinland Pfalz op Seniors 16th"]
[Site "Neustadt an der Weinstrasse"]
[Date "2018.07.07"]
[Round "1"]
[White "Geisert, Bernd"]
[Black "Zerweck, Christoph"]
[Result "0-1"]
[WhiteElo "1494"]
[BlackElo "1916"]
[PlyCount "36"]
[EventDate "2018.07.07"]
[EventType "swiss"]
[EventRounds "9"]
[EventCountry "GER"]
[SourceTitle "EXT 2019"]
[Source "ChessBase"]
[SourceDate "2018.10.10"]
[SourceVersion "1"]
[SourceVersionDate "2018.10.10"]
[SourceQuality "1"]

1. d4 d5 2. Nf3 Nf6 3. c4 c6 4. cxd5 cxd5 5. Nc3 Nc6 6. Bf4 a6 7. a3 Bf5 8. e3 e6 9. h3 Bd6 10. Bg5 h6 11. Bf4 Bxf4 12. exf4 0-0 13. Bd3 Ne4 14. Qc2 Rc8 15. Rc1 Qf6 16. Qa4 b5 17. Qxa6 Nxd4 18. Ne5 Nc5 0-1

[Event "Arber op Seniors 4th"]
[Site "Bodenmais"]
[Date "2016.08.06"]
[Round "8"]
[White "Gerl, Hans Peter"]
[Black "Zerweck, Christoph"]
[Result "1-0"]
[WhiteElo "2014"]
[BlackElo "1902"]
[PlyCount "139"]
[EventDate "2016.07.30"]
[EventType "swiss"]
[EventRounds "9"]
[EventCountry "GER"]
[SourceTitle "EXT 2017"]
[Source "ChessBase"]
[SourceDate "2016.10.25"]
[SourceVersion "1"]
[SourceVersionDate "2016.10.25"]
[SourceQuality "1"]

1. d4 d5 2. c4 c6 3. e3 Nf6 4. Nf3 e6 5. Nc3 Nbd7 6. Bd3 dxc4 7. Bxc4 b5 8. Bd3 Bb7 9. 0-0 a6 10. Qe2 c5 11. dxc5 Bxc5 12. b3 0-0 13. Bb2 Rc8 14. Rfd1 Qc7 15. Rac1 Qb8 16. Bb1 Rfd8 17. Ng5 h6 18. Nge4 Be7 19. Ng3 Qa8 20. f3 Qa7 21. Kh1 Bc5 22. Nce4 Be7 23. Rxc8 Rxc8 24. Nd6 Rd8 25. e4 Ba8 26. e5 Nd5 27. Qd3 Nf8 28. Nge4 Qb8 29. Qd2 Ng6 30. Nf6+ gxf6 31. Bxg6 fxg6 32. Qxh6 Rxd6 33. Qxg6+ Kf8 34. Qh6+ Ke8 35. Qh8+ Bf8 36. exd6 Qxd6 37. Bxf6 Qf4 38. Qh5+ Kd7 39. Qf7+ Kc6 40. Qe8+ Kb7 41. Qd7+ Kb8 42. Bd4 Bb7 43. Qd8+ Bc8 44. Bg1 Bd6 45. Rd4 Bc7 46. Rxf4 Bxd8 47. Rf8 Be7 48. Re8 Kc7 49. Bd4 Kd7 50. Rg8 Kc7 51. Be5+ Kd7 52. Rg7 Kc6 53. f4 Kc5 54. g4 Bb7 55. Kg1 Kb4 56. Rxe7 Nxe7 57. Bd6+ Kc3 58. Bxe7 Kb2 59. Kf2 Be4 60. Ke3 Bb1 61. a3 Kxb3 62. h4 a5 63. h5 b4 64. axb4 axb4 65. Kd4 Ka4 66. Bxb4 Kxb4 67. Ke5 Bd3 68. h6 Kc5 69. f5 exf5 70. gxf5 1-0

[Event "Baden Wuerttemberg-ch Seniors op 2nd"]
[Site "Freudenstadt"]
[Date "2016.07.04"]
[Round "4"]
[White "Eichner, Christian"]
[Black "Zerweck, Christoph"]
[Result "1-0"]
[WhiteElo "2068"]
[BlackElo "1902"]
[PlyCount "57"]
[EventDate "2016.07.01"]
[EventType "swiss"]
[EventRounds "9"]
[EventCountry "GER"]
[SourceTitle "EXT 2019"]
[Source "ChessBase"]
[SourceDate "2018.10.10"]
[SourceVersion "1"]
[SourceVersionDate "2018.10.10"]
[SourceQuality "1"]

1. e4 c5 2. Nf3 Nc6 3. Bb5 Nf6 4. e5 Nd5 5. 0-0 g6 6. Re1 Bg7 7. Nc3 Nxc3 8. dxc3 0-0 9. Qd5 Qa5 10. Bc4 Qc7 11. Bf4 Na5 12. Bf1 e6 13. Qd2 b6 14. Bh6 Bb7 15. Bxg7 Kxg7 16. Qf4 Qd8 17. Rad1 Qe7 18. Bb5 Rad8 19. Re3 a6 20. Be2 Bc6 21. b4 Nb7 22. Bxa6 Ra8 23. b5 Bxf3 24. Rxf3 Na5 25. Rh3 g5 26. Qe4 h6 27. Rhd3 Rad8 28. Rd6 f5 29. Qa4 1-0

[Event "Bad Woerishofen Seniors op 32nd"]
[Site "Bad Woerishofen"]
[Date "2016.02.29"]
[Round "4"]
[White "Zerweck, Christoph"]
[Black "Erhart, Uwe"]
[Result "1/2-1/2"]
[WhiteElo "1890"]
[BlackElo "2079"]
[PlyCount "35"]
[EventDate "2016.02.26"]
[EventType "swiss"]
[EventRounds "9"]
[EventCountry "GER"]
[SourceTitle "EXT 2019"]
[Source "ChessBase"]
[SourceDate "2018.10.10"]
[SourceVersion "1"]
[SourceVersionDate "2018.10.10"]
[SourceQuality "1"]

1. e4 c5 2. Nf3 Nc6 3. d4 cxd4 4. Nxd4 g6 5. Nc3 Bg7 6. Be3 Nf6 7. Nxc6 bxc6 8. e5 Ng8 9. f4 d5 10. Na4 f6 11. Bd4 Nh6 12. exf6 Bxf6 13. Bxf6 exf6 14. Bd3 0-0 15. 0-0 Bf5 16. b4 Qd6 17. Nc5 Rae8 18. Qd2 1/2-1/2

[Event "Arber op Seniors 3rd"]
[Site "Bayerisch Eisenstein"]
[Date "2015.08.08"]
[Round "8"]
[White "Zerweck, Christoph"]
[Black "Kylar, Miroslav"]
[Result "1-0"]
[WhiteElo "1919"]
[BlackElo "1889"]
[PlyCount "47"]
[EventDate "2015.08.01"]
[EventType "swiss"]
[EventRounds "9"]
[EventCountry "GER"]
[SourceTitle "EXT 2016"]
[Source "ChessBase"]
[SourceDate "2015.10.08"]
[SourceVersion "1"]
[SourceVersionDate "2015.10.08"]
[SourceQuality "1"]

1. e4 c6 2. d4 d5 3. e5 Bf5 4. Nf3 e6 5. Be2 Nd7 6. 0-0 c5 7. c4 dxc4 8. Bxc4 a6 9. a4 Nb6 10. Ba2 cxd4 11. Nxd4 Bxb1 12. Rxb1 Bc5 13. Be3 Nd5 14. Nxe6 Nxe3 15. Qxd8+ Rxd8 16. Nxd8 Kxd8 17. fxe3 Nh6 18. h3 Re8 19. Bxf7 Rxe5 20. Kh1 Nf5 21. Rfd1+ Ke7 22. Rd5 Ng3+ 23. Kh2 Bd4 24. Rxe5+ 1-0

[Event "Wuertemberg-ch Seniors 27th"]
[Site "Freudenstadt"]
[Date "2015.07.10"]
[Round "8"]
[White "Zerweck, Christoph"]
[Black "Langer, Helmut"]
[Result "1-0"]
[WhiteElo "1923"]
[BlackElo "1544"]
[PlyCount "82"]
[EventDate "2015.07.03"]
[EventType "swiss"]
[EventRounds "9"]
[EventCountry "GER"]
[SourceTitle "EXT 2016"]
[Source "ChessBase"]
[SourceDate "2015.10.08"]
[SourceVersion "1"]
[SourceVersionDate "2015.10.08"]
[SourceQuality "1"]

1. e4 d5 2. exd5 Qxd5 3. Nc3 Qa5 4. Bc4 Bf5 5. Qf3 c6 6. d3 e6 7. Bd2 Qb6 8. Bb3 Nf6 9. h3 Bd6 10. Nge2 Nbd7 11. Ng3 Bg6 12. Nge4 Nxe4 13. Nxe4 Be7 14. 0-0 Nf6 15. Rfe1 Nxe4 16. dxe4 Bf6 17. c3 Be5 18. Rad1 0-0 19. Bg5 Rfe8 20. Rd7 c5 21. h4 f6 22. Bc1 Qc6 23. Rdd1 c4 24. Bc2 Qc7 25. h5 Bf7 26. Qg4 Kf8 27. f4 Bd6 28. Rf1 e5 29. f5 h6 30. Rf3 Bc5+ 31. Kh2 Rad8 32. Rdf1 Bg8 33. Rg3 Re7 34. Bxh6 b5 35. Bc1 a6 36. h6 Bh7 37. hxg7+ Kg8 38. Bh6 b4 39. Qe2 Bb6 40. b3 Red7 41. bxc4 Rd2 1-0

[Event "Wuertemberg-ch Seniors 27th"]
[Site "Freudenstadt"]
[Date "2015.07.08"]
[Round "6"]
[White "Zerweck, Christoph"]
[Black "Pocrnic, Josip"]
[Result "1/2-1/2"]
[WhiteElo "1923"]
[BlackElo "1823"]
[PlyCount "147"]
[EventDate "2015.07.03"]
[EventType "swiss"]
[EventRounds "9"]
[EventCountry "GER"]
[SourceTitle "EXT 2016"]
[Source "ChessBase"]
[SourceDate "2015.10.08"]
[SourceVersion "1"]
[SourceVersionDate "2015.10.08"]
[SourceQuality "1"]

1. e4 c5 2. Nf3 a6 3. d4 cxd4 4. Nxd4 e6 5. Bd3 Bc5 6. Nb3 Bb4+ 7. c3 Be7 8. 0-0 Nc6 9. Bf4 d6 10. N1d2 e5 11. Be3 Nf6 12. h3 0-0 13. c4 h6 14. a3 Nh7 15. Qc2 Bg5 16. Rae1 Bxe3 17. Rxe3 Be6 18. Nf3 Rc8 19. Qb1 Qb6 20. Nbd2 Ng5 21. b3 Qd8 22. Rfe1 Ne7 23. Nxg5 hxg5 24. Rg3 Ng6 25. Nf3 f6 26. Bc2 Nf4 27. Nh2 Kf7 28. Rge3 Qd7 29. Bd1 Rh8 30. Bg4 Bxg4 31. Nxg4 Ne6 32. Rd3 Qc6 33. Rd2 Qb6 34. Ne3 Nd4 35. Rd3 a5 36. Nc2 Ne6 37. Red1 Rhd8 38. Kh1 Qc6 39. f3 Qc7 40. a4 Nf4 41. R3d2 Qc5 42. Qb2 Ne6 43. Rd5 Qb6 44. Rb5 Qc7 45. Ne3 Nf4 46. Qd2 b6 47. Kh2 Rb8 48. Nd5 Nxd5 49. Rxd5 Ke7 50. Qf2 Rd7 51. Kg1 Rh8 52. Qe1 Qc6 53. Qd2 Ke6 54. Qe1 Rh4 55. Qf2 Rh8 56. Qg3 Rh4 57. Qf2 Rh8 58. Qe3 Rh4 59. R5d2 Qc5 60. Kf2 Rh8 61. Rd5 Qxe3+ 62. Kxe3 Rc8 63. Ke2 Rc5 64. R5d3 Rc6 65. Kd2 Rc5 66. Kc3 Rd8 67. R1d2 Rd7 68. Rc2 Rdc7 69. Kd2 Ra7 70. Ke3 Rac7 71. Rcd2 Rd7 72. Rd1 Rd8 73. Kf2 Rd7 74. Rh1 1/2-1/2

[Event "Bayern-ch Seniors op 27th"]
[Site "Bergen"]
[Date "2015.06.15"]
[Round "3"]
[White "Flockerzi, Armin"]
[Black "Zerweck, Christoph"]
[Result "1-0"]
[WhiteElo "1605"]
[BlackElo "1779"]
[PlyCount "39"]
[EventDate "2015.06.15"]
[EventType "swiss"]
[EventRounds "9"]
[EventCountry "GER"]
[SourceTitle "EXT 2019"]
[Source "ChessBase"]
[SourceDate "2018.10.10"]
[SourceVersion "1"]
[SourceVersionDate "2018.10.10"]
[SourceQuality "1"]

1. Nf3 Nf6 2. d4 d5 3. g3 e6 4. Bg2 c5 5. c3 Nc6 6. 0-0 cxd4 7. cxd4 Bd6 8. a3 0-0 9. Nc3 a6 10. Re1 b5 11. b4 Bd7 12. Bg5 Be7 13. Ne5 Nxe5 14. dxe5 Ne8 15. Bxe7 Qxe7 16. Qd4 g6 17. e4 dxe4 18. Nxe4 Bc6 19. Nf6+ Nxf6 20. Bxc6 1-0

[Event "Arber op Seniors 2nd"]
[Site "Bayerisch Eisenstein"]
[Date "2014.08.22"]
[Round "7"]
[White "Selig, Rainer"]
[Black "Zerweck, Christoph"]
[Result "1-0"]
[WhiteElo "2070"]
[BlackElo "1881"]
[PlyCount "141"]
[EventDate "2014.08.16"]
[EventType "swiss"]
[EventRounds "9"]
[EventCountry "GER"]
[SourceTitle "EXT 2016"]
[Source "ChessBase"]
[SourceDate "2015.10.08"]
[SourceVersion "1"]
[SourceVersionDate "2015.10.08"]
[SourceQuality "1"]

1. c4 Nf6 2. Nf3 g6 3. Nc3 Bg7 4. e4 d6 5. d4 0-0 6. h3 e5 7. Be3 Nbd7 8. Be2 a5 9. Qd2 c6 10. Rd1 Qe7 11. dxe5 dxe5 12. 0-0 Re8 13. Qc2 Nh5 14. Na4 Nf4 15. c5 Nf8 16. Nb6 Rb8 17. Nc4 Qc7 18. Nd6 Rd8 19. Bc4 Be6 20. Ng5 Bxc4 21. Qxc4 Rd7 22. g3 N4e6 23. Nf3 h6 24. Rd2 Rbd8 25. Rfd1 Kh7 26. Qc3 f6 27. Kg2 h5 28. Rd3 Bh6 29. Bxh6 Kxh6 30. b3 b6 31. cxb6 Qxb6 32. Nc4 Qb4 33. Qc1+ g5 34. Rxd7 Rxd7 35. Rxd7 Nxd7 36. h4 a4 37. Qe3 axb3 38. hxg5+ Nxg5 39. axb3 Kg6 40. Nh4+ Kf7 41. Nf5 Nc5 42. Ncd6+ Ke6 43. Ne8 Qxe4+ 44. Qxe4 Ngxe4 45. Neg7+ Kd5 46. Ne7+ Kd6 47. Nef5+ Kd7 48. b4 Nd3 49. Nxh5 Nxb4 50. f3 Nd2 51. Nxf6+ Ke6 52. Ne4 Kxf5 53. Nxd2 c5 54. Kf2 Nd5 55. Ke2 Nf6 56. Ke3 Ke6 57. Kd3 Kd5 58. g4 Nh7 59. Ne4 Nf8 60. g5 Ng6 61. Nf6+ Ke6 62. Ke4 c4 63. Nd5 Ne7 64. Ne3 c3 65. Kd3 Nf5 66. Ng4 Nd4 67. g6 c2 68. Kd2 Nxf3+ 69. Kxc2 Kf5 70. g7 Kxg4 71. g8Q+ 1-0

[Event "Stuttgart-chB int"]
[Site "Ditzingen"]
[Date "2013.05.12"]
[Round "7"]
[White "Zerweck, Christoph"]
[Black "Gorb, Eugeniusz"]
[Result "1-0"]
[WhiteElo "1774"]
[BlackElo "1630"]
[PlyCount "75"]
[EventDate "2013.05.09"]
[EventType "swiss"]
[EventRounds "7"]
[EventCountry "GER"]
[SourceTitle "EXT 2014"]
[Source "ChessBase"]
[SourceDate "2013.11.20"]
[SourceVersion "1"]
[SourceVersionDate "2013.11.20"]
[SourceQuality "1"]

1. e4 e6 2. b3 d5 3. Bb2 c5 4. Bb5+ Bd7 5. Qe2 a6 6. Bxd7+ Qxd7 7. exd5 Qxd5 8. Nf3 Nd7 9. Nc3 Qh5 10. 0-0 Ngf6 11. Ne4 Be7 12. Rfe1 0-0 13. Rad1 Nd5 14. a3 Qg6 15. Ne5 Nxe5 16. Bxe5 f5 17. Nc3 Nf6 18. Bg3 Rae8 19. Qxe6+ Kh8 20. Be5 Qh5 21. f3 c4 22. Qxc4 Nd7 23. Bg3 f4 24. Bxf4 Bh4 25. Bg3 Bxg3 26. hxg3 Qg5 27. Ne4 Qg6 28. d4 Nb6 29. Qd3 Rf5 30. Nc5 Rxe1+ 31. Rxe1 Qf7 32. Qe4 g6 33. Qe8+ Kg7 34. Re7 Nd5 35. Rxf7+ Rxf7 36. Qe5+ Nf6 37. g4 Kg8 38. c4 1-0

[Event "Stuttgart-chB int"]
[Site "Ditzingen"]
[Date "2013.05.11"]
[Round "6"]
[White "Sampala, Simon"]
[Black "Zerweck, Christoph"]
[Result "0-1"]
[WhiteElo "1473"]
[BlackElo "1774"]
[PlyCount "50"]
[EventDate "2013.05.09"]
[EventType "swiss"]
[EventRounds "7"]
[EventCountry "GER"]
[SourceTitle "EXT 2014"]
[Source "ChessBase"]
[SourceDate "2013.11.20"]
[SourceVersion "1"]
[SourceVersionDate "2013.11.20"]
[SourceQuality "1"]

1. d4 Nf6 2. c4 g6 3. Nc3 Bg7 4. Nf3 0-0 5. e3 d6 6. Bd3 Nbd7 7. Qc2 e5 8. d5 Nc5 9. e4 Nfxe4 10. Nxe4 Nxe4 11. Bxe4 f5 12. a3 fxe4 13. Qxe4 Bf5 14. Qe3 Qf6 15. Qg5 Bd3 16. Qxf6 Bxf6 17. Nd2 e4 18. Ra2 Bd4 19. f3 e3 20. b3 Bc3 21. Kd1 exd2 22. Bxd2 Bxd2 23. Rxd2 Bf5 24. g4 Bd7 25. Rf1 Rae8 0-1

[Event "Stuttgart-chB int"]
[Site "Ditzingen"]
[Date "2013.05.10"]
[Round "4"]
[White "Tsybulevsky, Juri"]
[Black "Zerweck, Christoph"]
[Result "1/2-1/2"]
[WhiteElo "1676"]
[BlackElo "1774"]
[PlyCount "82"]
[EventDate "2013.05.09"]
[EventType "swiss"]
[EventRounds "7"]
[EventCountry "GER"]
[SourceTitle "EXT 2014"]
[Source "ChessBase"]
[SourceDate "2013.11.20"]
[SourceVersion "1"]
[SourceVersionDate "2013.11.20"]
[SourceQuality "1"]

1. d4 Nf6 2. c4 d6 3. Nc3 g6 4. e4 Bg7 5. h3 0-0 6. Be3 Nbd7 7. Nf3 c6 8. Be2 e5 9. d5 cxd5 10. cxd5 b6 11. 0-0 Nc5 12. Nd2 Ne8 13. b4 Nd7 14. a4 f5 15. f3 f4 16. Bf2 a6 17. Rb1 Qg5 18. Qe1 h5 19. Nc4 a5 20. Bh4 Qh6 21. Be7 Rf7 22. Bxd6 Nxd6 23. Nxd6 Rf8 24. Ncb5 Qg5 25. Nc7 Nf6 26. Nxc8 Raxc8 27. Ne6 Qh6 28. Nxf8 Bxf8 29. bxa5 bxa5 30. Qxa5 Bc5+ 31. Kh2 Qg5 32. Qe1 h4 33. a5 Nh5 34. Bc4 Ng3 35. d6+ Kg7 36. Be6 Rd8 37. Rf2 Rxd6 38. Rb7+ Kh6 39. Bg8 Qd8 40. Bd5 Bxf2 41. Qxf2 Qxa5 1/2-1/2